000 00480cam a22001337a 4500
008 180718b1989 xxu||||| |||| 00| 0 eng d
082 _aA99 M449 K151
245 _aDada Saheb Mavalankar, father of Lok Sabha: his life, work and ideas
_cedited by Subhash C. Kashyap
260 _aNew Delhi
_bLok Sabha Secretariat
_c1989
300 _a230p.
650 _aMavalankar, Ganesh Vasudeva - Criticism and interpretation
700 _aLok Sabha Secretariat
700 _aKashyap, Subhash C.
999 _c347523
_d347523